| 000 | 00476nam a2200193Ia 4500 | ||
|---|---|---|---|
| 005 | 20260122095514.0 | ||
| 008 | 260121s9999||||xx |||||||||||||| ||und|| | ||
| 020 | _a9789391502775 | ||
| 082 |
_a686.233 _bWAT |
||
| 100 | _aWatts, Ella | ||
| 245 | 0 | _a3D printing / | |
| 260 |
_aPune : _bKnowledge Bakers, _c2025. |
||
| 300 | _aix, 206 p.; hb | ||
| 650 | _a3D | ||
| 650 | _aModeling and simulation | ||
| 650 | _aThree dimensional | ||
| 700 | _aHughes, Grace | ||
| 942 | _cTB | ||
| 999 |
_c48440 _d48440 |
||